000
00186 a2200097 4500
020
_a
9780753456088
041
_a
eng
100
_a
Allen, Judy
245
_a
Are you a Buterfly?
942
_c
BK
999
_c
8517
_d
8517